[Event "Belgrade-chT2 Quality"]
[Site "Belgrade"]
[Date "2022.10.29"]
[Round "6.8"]
[White "Ruzic, Sreten"]
[Black "Basic, Nemanja"]
[Result "1-0"]
[WhiteElo "1963"]
[BlackElo "1757"]
[PlyCount "20"]
[EventDate "2022.10.15"]
[EventType "team-tourn"]
[EventRounds "13"]
[EventCountry "SRB"]
[SourceTitle "EXT 2024"]
[Source "ChessBase"]
[SourceDate "2023.10.10"]
[SourceVersion "1"]
[SourceVersionDate "2023.10.10"]
[SourceQuality "1"]
[WhiteTeam "Belgrade Polet"]
[BlackTeam "Batajnica"]
[WhiteTeamCountry "SRB"]
[BlackTeamCountry "SRB"]

1. e4 d5 2. exd5 Nf6 3. Nc3 Nxd5 4. Nxd5 Qxd5 5. d4 Nc6 6. c3 e5 7. dxe5 Qxd1+ 8. Kxd1 Nxe5 9. Bf4 Bd6 10. Bxe5 Bxe5 1-0

[Event "Belgrade-chT Quality"]
[Site "Belgrade"]
[Date "2019.10.13"]
[Round "4.6"]
[White "Ruzic, Sreten"]
[Black "Sarovski, Nikola"]
[Result "1/2-1/2"]
[WhiteElo "1973"]
[BlackElo "1875"]
[PlyCount "58"]
[EventDate "2019.10.05"]
[EventType "team-tourn"]
[EventRounds "11"]
[EventCountry "SRB"]
[SourceTitle "EXT 2022"]
[Source "ChessBase"]
[SourceDate "2021.10.06"]
[SourceVersion "1"]
[SourceVersionDate "2021.10.06"]
[SourceQuality "1"]
[WhiteTeam "Polet"]
[BlackTeam "BASK"]
[WhiteTeamCountry "SRB"]
[BlackTeamCountry "SRB"]

1. e4 c5 2. Nf3 a6 3. d4 cxd4 4. Nxd4 Nf6 5. Nc3 d6 6. Be3 Ng4 7. Bg5 h6 8. Bh4 g5 9. Bg3 Bg7 10. f3 Ne3 11. Qd2 Bxd4 12. Bf2 Qa5 13. Bxe3 Bxc3 14. bxc3 Nc6 15. h4 Rg8 16. hxg5 hxg5 17. Rh5 Be6 18. Rxg5 Rxg5 19. Bxg5 Rc8 20. Bf4 Ne5 21. Bxe5 Qxe5 22. Qd4 Qxd4 23. cxd4 Rxc2 24. a4 d5 25. Rb1 Ra2 26. Rxb7 Rxa4 27. exd5 Bxd5 28. Ra7 f5 29. Rxa6 Rxd4 1/2-1/2

[Event "Belgrade-chT Quality"]
[Site "Belgrade"]
[Date "2019.10.12"]
[Round "3.5"]
[White "Ruzic, Sreten"]
[Black "Maksic, Dusan"]
[Result "1/2-1/2"]
[WhiteElo "1973"]
[BlackElo "2001"]
[PlyCount "33"]
[EventDate "2019.10.05"]
[EventType "team-tourn"]
[EventRounds "11"]
[EventCountry "SRB"]
[SourceTitle "EXT 2022"]
[Source "ChessBase"]
[SourceDate "2021.10.06"]
[SourceVersion "1"]
[SourceVersionDate "2021.10.06"]
[SourceQuality "1"]
[WhiteTeam "Polet"]
[BlackTeam "Banjica"]
[WhiteTeamCountry "SRB"]
[BlackTeamCountry "SRB"]

1. e4 e6 2. d4 Nf6 3. Nd2 Be7 4. Ngf3 d5 5. Bd3 dxe4 6. Nxe4 Nxe4 7. Bxe4 Nd7 8. 0-0 Nf6 9. Bd3 0-0 10. Ne5 c5 11. c3 cxd4 12. cxd4 Qb6 13. b3 Rd8 14. Bb2 Bd7 15. Nc4 Qc7 16. Rc1 Qf4 17. g3 1/2-1/2

[Event "Belgrade-chT Quality"]
[Site "Belgrade"]
[Date "2019.10.05"]
[Round "1.6"]
[White "Marjanovic, Rastko"]
[Black "Ruzic, Sreten"]
[Result "1/2-1/2"]
[WhiteElo "1921"]
[BlackElo "1973"]
[PlyCount "64"]
[EventDate "2019.10.05"]
[EventType "team-tourn"]
[EventRounds "11"]
[EventCountry "SRB"]
[SourceTitle "EXT 2022"]
[Source "ChessBase"]
[SourceDate "2021.10.06"]
[SourceVersion "1"]
[SourceVersionDate "2021.10.06"]
[SourceQuality "1"]
[WhiteTeam "Romanticari"]
[BlackTeam "Polet"]
[WhiteTeamCountry "SRB"]
[BlackTeamCountry "SRB"]

1. Nf3 Nf6 2. g3 e6 3. Bg2 d5 4. 0-0 Be7 5. d3 0-0 6. Nbd2 c5 7. e4 Nc6 8. Re1 dxe4 9. dxe4 e5 10. c3 b6 11. Qc2 Bb7 12. Nc4 Qc7 13. a4 Rfd8 14. b3 Rd7 15. Bg5 h6 16. Bxf6 Bxf6 17. Ne3 Ne7 18. Rad1 Rad8 19. Rxd7 Rxd7 20. Ng4 Qd6 21. Nxf6+ Qxf6 22. Nd2 Ba6 23. Bf1 Bxf1 24. Nxf1 Qf3 25. Ne3 h5 26. Rd1 Rxd1+ 27. Qxd1 Qxd1+ 28. Nxd1 f6 29. Ne3 Kf7 30. Kf1 Ke6 31. Ke2 g6 32. f3 a6 1/2-1/2

[Event "Belgrade-chTB Quality"]
[Site "Belgrade"]
[Date "2018.10.28"]
[Round "10.7"]
[White "Ruzic, Sreten"]
[Black "Milosavljevic, Nenad"]
[Result "1/2-1/2"]
[WhiteElo "1979"]
[BlackElo "1869"]
[PlyCount "24"]
[EventDate "2018.09.29"]
[EventType "team-tourn"]
[EventRounds "11"]
[EventCountry "SRB"]
[SourceTitle "CBM 187 Extra"]
[Source "ChessBase"]
[SourceDate "2018.11.04"]
[SourceVersion "1"]
[SourceVersionDate "2018.11.04"]
[SourceQuality "1"]
[WhiteTeam "Belgrade Polet"]
[BlackTeam "Belgrade Rakovica"]
[WhiteTeamCountry "SRB"]
[BlackTeamCountry "SRB"]

1. e4 d6 2. d4 Nf6 3. Nc3 e5 4. dxe5 dxe5 5. Qxd8+ Kxd8 6. Bg5 Nbd7 7. 0-0-0 Bd6 8. Bc4 Ke8 9. f3 h6 10. Bh4 a6 11. a3 g5 12. Bf2 Bc5 1/2-1/2

[Event "Belgrade-chTB Quality"]
[Site "Belgrade"]
[Date "2018.10.07"]
[Round "4.7"]
[White "Canak, Milos"]
[Black "Ruzic, Sreten"]
[Result "1/2-1/2"]
[WhiteElo "1864"]
[BlackElo "1979"]
[PlyCount "26"]
[EventDate "2018.09.29"]
[EventType "team-tourn"]
[EventRounds "11"]
[EventCountry "SRB"]
[SourceTitle "CBM 187 Extra"]
[Source "ChessBase"]
[SourceDate "2018.11.04"]
[SourceVersion "1"]
[SourceVersionDate "2018.11.04"]
[SourceQuality "1"]
[WhiteTeam "Belgrade BASK"]
[BlackTeam "Belgrade Polet"]
[WhiteTeamCountry "SRB"]
[BlackTeamCountry "SRB"]

1. d4 d5 2. Nf3 Nf6 3. Bf4 Bf5 4. e3 e6 5. Bd3 Bxd3 6. Qxd3 Bd6 7. Bxd6 Qxd6 8. 0-0 0-0 9. Nbd2 Nbd7 10. e4 dxe4 11. Nxe4 Nxe4 12. Qxe4 Qd5 13. Qxd5 exd5 1/2-1/2

[Event "Belgrade-chT"]
[Site "Belgrade"]
[Date "2017.10.07"]
[Round "2.7"]
[White "Ruzic, Sreten"]
[Black "Dimitrijevic, Vuk"]
[Result "0-1"]
[WhiteElo "1992"]
[BlackElo "1845"]
[PlyCount "104"]
[EventDate "2017.10.01"]
[EventType "team-tourn"]
[EventRounds "11"]
[EventCountry "SRB"]
[SourceTitle "CBM 181 Extra"]
[Source "ChessBase"]
[SourceDate "2017.12.12"]
[SourceVersion "1"]
[SourceVersionDate "2017.12.12"]
[SourceQuality "1"]
[WhiteTeam "GSP Polet"]
[BlackTeam "Borca"]
[WhiteTeamCountry "SRB"]
[BlackTeamCountry "SRB"]

1. e4 c6 2. d4 d5 3. Nc3 dxe4 4. Nxe4 Nf6 5. Nxf6+ gxf6 6. Nf3 Bf5 7. Bd3 Rg8 8. Rg1 e6 9. Be3 Nd7 10. Qd2 Bxd3 11. Qxd3 f5 12. 0-0-0 Qa5 13. Kb1 Bd6 14. c4 0-0-0 15. g3 Kb8 16. Nd2 c5 17. Nb3 Qc7 18. f4 Nf6 19. Rge1 b6 20. Qc2 Ne4 21. Nd2 cxd4 22. Nxe4 fxe4 23. Bxd4 f5 24. Bf6 Be7 25. Be5 Bd6 26. Rxd6 Rxd6 27. Rd1 Rgd8 28. Rc1 Ka8 29. b4 Qc6 30. Bxd6 Qxd6 31. c5 bxc5 32. bxc5 Qd4 33. Qc3 Qxc3 34. Rxc3 Rd2 35. Rb3 Rd5 36. Rc3 Kb7 37. c6+ Kc7 38. Ra3 Rd2 39. Kc1 Rxh2 40. Rxa7+ Kxc6 41. Re7 Kd6 42. Ra7 Rg2 43. a4 Rxg3 44. Rxh7 Ra3 45. Ra7 Ra1+ 46. Kd2 Ra2+ 47. Ke1 e3 48. Ra5 Rf2 49. Ra8 Kd5 50. a5 Ke4 51. a6 Ra2 52. Ra7 Kf3 0-1

[Event "Belgrade-chT Quality"]
[Site "Belgrade"]
[Date "2015.10.25"]
[Round "7"]
[White "Ruzic, Sreten"]
[Black "Protic, Dusan"]
[Result "0-1"]
[WhiteElo "1999"]
[BlackElo "2074"]
[PlyCount "52"]
[EventDate "2015.10.03"]
[EventType "team-tourn"]
[EventRounds "11"]
[EventCountry "SRB"]
[SourceTitle "EXT 2018"]
[Source "ChessBase"]
[SourceDate "2017.10.13"]
[SourceVersion "1"]
[SourceVersionDate "2017.10.13"]
[SourceQuality "1"]

1. e4 Nc6 2. Nf3 e5 3. d4 exd4 4. Nxd4 Qh4 5. Nxc6 dxc6 6. Nd2 Bc5 7. g3 Qe7 8. Bg2 Nf6 9. 0-0 Bg4 10. Qe1 0-0-0 11. h3 Be6 12. Nb3 Bc4 13. Nxc5 Bxf1 14. Bxf1 Qxc5 15. Be3 Qxc2 16. Bxa7 Nxe4 17. a4 Rhe8 18. Qb4 c5 19. Qe1 Nd2 20. Qc1 Qxc1 21. Rxc1 Nxf1 22. Kxf1 b6 23. a5 Kb7 24. axb6 cxb6 25. Ra1 Rd2 26. Bxb6 Kxb6 0-1

[Event "Belgrade-chT"]
[Site "Belgrade"]
[Date "2014.09.30"]
[Round "11.3"]
[White "Ruzic, Sreten"]
[Black "Carnic, Dejan"]
[Result "0-1"]
[WhiteElo "2022"]
[BlackElo "2064"]
[PlyCount "23"]
[EventDate "2014.09.20"]
[EventType "team-tourn"]
[EventRounds "11"]
[EventCountry "SRB"]
[SourceTitle "CBM 162 Extra"]
[Source "ChessBase"]
[SourceDate "2014.10.17"]
[SourceVersion "1"]
[SourceVersionDate "2014.10.17"]
[SourceQuality "1"]
[WhiteTeam "GSP Polet"]
[BlackTeam "Belgrade Sigurnost"]
[WhiteTeamCountry "SRB"]
[BlackTeamCountry "SRB"]

1. e4 e5 2. Nf3 Nc6 3. d4 exd4 4. Nxd4 Nf6 5. Nxc6 bxc6 6. e5 Qe7 7. Qe2 Nd5 8. c4 Ba6 9. b3 Qh4 10. g3 Qd4 11. Bg2 Qxa1 12. Nd2 0-1

[Event "Belgrade-chT"]
[Site "Belgrade"]
[Date "2014.09.21"]
[Round "2.4"]
[White "Ruzic, Sreten"]
[Black "Martic, Nemanja"]
[Result "1/2-1/2"]
[WhiteElo "2022"]
[BlackElo "2182"]
[PlyCount "65"]
[EventDate "2014.09.20"]
[EventType "team-tourn"]
[EventRounds "11"]
[EventCountry "SRB"]
[SourceTitle "CBM 162 Extra"]
[Source "ChessBase"]
[SourceDate "2014.10.17"]
[SourceVersion "1"]
[SourceVersionDate "2014.10.17"]
[SourceQuality "1"]
[WhiteTeam "GSP Polet"]
[BlackTeam "Belgrade PTT"]
[WhiteTeamCountry "SRB"]
[BlackTeamCountry "SRB"]

1. e4 c5 2. Nf3 d6 3. d3 Nf6 4. g3 g6 5. Bg2 Bg7 6. 0-0 0-0 7. c3 Nc6 8. Na3 a6 9. Nc2 Qc7 10. Bg5 h6 11. Be3 e5 12. Qd2 Ng4 13. h3 Nxe3 14. Nxe3 Be6 15. c4 b5 16. b3 b4 17. Nd5 Bxd5 18. cxd5 Ne7 19. Qc2 a5 20. Nd2 Nc8 21. a4 Nb6 22. Rae1 Rae8 23. f4 exf4 24. gxf4 Qd8 25. Nc4 Nxc4 26. dxc4 Qh4 27. Qd3 Bd4+ 28. Kh1 Kg7 29. Re2 f6 30. Qf3 g5 31. Qg4 Qxg4 32. hxg4 gxf4 33. Rxf4 1/2-1/2

[Event "Belgrade-chT"]
[Site "Belgrade"]
[Date "2013.10.13"]
[Round "2.1"]
[White "Nabaty, Tamir"]
[Black "Ruzic, Sreten"]
[Result "1-0"]
[WhiteElo "2579"]
[BlackElo "2026"]
[PlyCount "73"]
[EventDate "2013.10.12"]
[EventType "team-tourn"]
[EventRounds "11"]
[EventCountry "SRB"]
[SourceTitle "EXT 2014"]
[Source "ChessBase"]
[SourceDate "2013.11.20"]
[SourceVersion "1"]
[SourceVersionDate "2013.11.20"]
[SourceQuality "1"]
[WhiteTeam "Crvena Zvezda"]
[BlackTeam "GSP Polet"]
[WhiteTeamCountry "SRB"]
[BlackTeamCountry "SRB"]

1. e4 e5 2. Nf3 Nc6 3. Bc4 Nf6 4. Ng5 d5 5. exd5 Na5 6. Bb5+ c6 7. dxc6 bxc6 8. Bd3 h6 9. Ne4 Nxe4 10. Bxe4 Qc7 11. 0-0 Bd6 12. Nc3 0-0 13. Nb5 cxb5 14. Bxa8 Nc6 15. Bxc6 Qxc6 16. d3 Bb7 17. f3 b4 18. Be3 a5 19. Rc1 Qd5 20. c4 bxc3 21. bxc3 Ba3 22. c4 Qc6 23. Rb1 Bc5 24. Bxc5 Qxc5+ 25. Kh1 Bc6 26. Qb3 a4 27. Qb6 Qd6 28. Rfd1 Rd8 29. h3 Qd7 30. Qe3 f6 31. Kg1 Qd6 32. Rb6 Qd7 33. Ra6 Rb8 34. Qc5 Rc8 35. Ra7 Qf5 36. Qe7 Qg6 37. Qe6+ 1-0

[Event "Belgrade-chT"]
[Site "Belgrade"]
[Date "2013.10.12"]
[Round "1.6"]
[White "Indjic, Aleksandar"]
[Black "Ruzic, Sreten"]
[Result "1-0"]
[WhiteElo "2540"]
[BlackElo "2026"]
[PlyCount "61"]
[EventDate "2013.10.12"]
[EventType "team-tourn"]
[EventRounds "11"]
[EventCountry "SRB"]
[SourceTitle "EXT 2014"]
[Source "ChessBase"]
[SourceDate "2013.11.20"]
[SourceVersion "1"]
[SourceVersionDate "2013.11.20"]
[SourceQuality "1"]
[WhiteTeam "Itaka"]
[BlackTeam "GSP Polet"]
[WhiteTeamCountry "SRB"]
[BlackTeamCountry "SRB"]

1. d4 e6 2. c4 Nf6 3. Nc3 d5 4. Nf3 Bb4 5. Bg5 Nbd7 6. e3 c6 7. Bd3 h6 8. Bh4 Qa5 9. 0-0 dxc4 10. Bxc4 Bxc3 11. bxc3 Qxc3 12. Qe2 a6 13. e4 0-0 14. Rac1 Qa5 15. Bg3 Qh5 16. Bd6 Re8 17. Bd3 e5 18. Rfe1 Nf8 19. dxe5 N6h7 20. Qe3 Ne6 21. Be2 Nhg5 22. Nd2 Qg6 23. h4 Nh7 24. f4 Nef8 25. h5 Qe6 26. Nc4 Rd8 27. Nb6 Rxd6 28. exd6 Rb8 29. e5 Qxa2 30. Bc4 Qa5 31. Ra1 1-0

[Event "Belgrade tt Cup"]
[Site "Belgrade"]
[Date "2010.04.18"]
[Round "5.4"]
[White "Vucinic, Gojko"]
[Black "Ruzic, Sreten"]
[Result "1-0"]
[WhiteElo "1990"]
[BlackElo "2022"]
[PlyCount "37"]
[EventDate "2010.04.14"]
[EventType "team-tourn"]
[EventRounds "5"]
[EventCountry "SRB"]
[SourceTitle "EXT 2012"]
[Source "ChessBase"]
[SourceDate "2011.11.24"]
[SourceVersion "1"]
[SourceVersionDate "2011.11.24"]
[SourceQuality "1"]

1. e4 d5 2. exd5 Qxd5 3. Nc3 Qd6 4. d4 c6 5. Bc4 Nf6 6. Nf3 e6 7. Ne5 Nbd7 8. Qe2 Be7 9. Bf4 Qb4 10. Nxf7 Qxb2 11. 0-0 Rf8 12. Nd6+ Kd8 13. Ndb5 cxb5 14. Nxb5 Qb4 15. Bc7+ Ke8 16. c3 Qa4 17. Qxe6 Ne4 18. Nd6+ Nxd6 19. Bxd6 1-0

[Event "Belgrade-chT Quality"]
[Site "Belgrade"]
[Date "2009.11.02"]
[Round "10"]
[White "Ruzic, Sreten"]
[Black "Dizdarevic, Barbara"]
[Result "0-1"]
[WhiteElo "2062"]
[BlackElo "1869"]
[PlyCount "90"]
[EventDate "2009.10.11"]
[EventType "team-tourn"]
[EventRounds "11"]
[EventCountry "YUG"]
[SourceTitle "CBM 133 Extra"]
[Source "ChessBase"]
[SourceDate "2010.01.05"]
[SourceVersion "1"]
[SourceVersionDate "2010.01.05"]
[SourceQuality "1"]

1. e4 c5 2. Nf3 e6 3. d4 cxd4 4. Nxd4 a6 5. Be3 Nf6 6. Nc3 Qc7 7. f3 Bb4 8. Qd2 d5 9. Bd3 e5 10. exd5 exd4 11. Bxd4 Qe7+ 12. Kf2 0-0 13. Rae1 Qd6 14. a3 Bxc3 15. Qxc3 Nxd5 16. Bc5 Qd7 17. Qd4 Rd8 18. Qh4 h6 19. Re2 Nc6 20. Rhe1 Nf6 21. g4 Qd5 22. Bb6 Rf8 23. Qg3 Nd4 24. Re5 Qxf3+ 25. Qxf3 Nxf3 26. Kxf3 Nd7 27. Re8 Nxb6 28. Kg3 Be6 29. Re7 Rab8 30. Be4 Nd7 31. Bf5 Bxf5 32. gxf5 Nf6 33. c4 Rfe8 34. c5 Kf8 35. Rxe8+ Rxe8 36. Rc1 Rc8 37. b4 Ke7 38. Rd1 Rd8 39. Re1+ Kd7 40. Kf3 Kc6 41. Re3 Rd5 42. Re7 Rxf5+ 43. Ke2 Ng4 44. Re8 Re5+ 45. Rxe5 Nxe5 0-1

[Event "Belgrade tt Cup"]
[Site "Belgrade"]
[Date "2009.04.12"]
[Round "5"]
[White "Ruzic, Sreten"]
[Black "Pavlovic, Slobodan"]
[Result "1/2-1/2"]
[WhiteElo "2072"]
[BlackElo "2181"]
[PlyCount "21"]
[EventDate "2009.04.08"]
[EventType "team-tourn"]
[EventRounds "5"]
[EventCountry "YUG"]
[SourceTitle "CBM 129 Extra"]
[Source "ChessBase"]
[SourceDate "2009.05.05"]
[SourceVersion "2"]
[SourceVersionDate "2009.05.20"]
[SourceQuality "1"]

1. e4 c6 2. d4 d5 3. Nc3 dxe4 4. Nxe4 Nf6 5. Ng3 e6 6. Nf3 Be7 7. Bd3 0-0 8. 0-0 h6 9. c3 c5 10. dxc5 Bxc5 11. Ne4 1/2-1/2